Statistics for Latin Demonstrative Pronouns (ille/illa/illud)

Click here to take the quiz!

General Stats

  • This quiz has been taken 844 times
  • The average score is 24 of 30

Answer Stats

Answer% Correct
illa
100%
ille
100%
illud
99%
illam
83%
illum
83%
illud
82%
illa
81%
illi
81%
illius
81%
illius
81%
illius
81%
illo
81%
illae
80%
illi
80%
illi
80%
illi
80%
illo
80%
illa
79%
illarum
78%
illorum
78%
illorum
78%
illa
77%
illas
77%
illis
77%
illis
77%
illis
77%
illis
77%
illis
77%
illis
77%
illos
76%

Score Distribution

Percentile by Number Answered

Percent of People with Each Score

Your Score History

You have not taken this quiz